000 00840npm a2200253 i 4500
001 5181
003 ES-MaACL
005 20230908135611.0
007 hzrazu bucu
008 900420r19901897fr a 00010 fre d
080 _a616.89(05)(443.6)
080 _a61(05)(443.6)
080 _a05(44)
245 0 0 _aRevue de Psychiatrie...
_b: [Microforma].
260 _aMadrid :
_bAteneo Cientifico, Literario y Artistico,
_c1990.
300 _a2 carretes de microfilme :
_bnegativo ;
_c16 mm.
500 _aPublicado originalmente: Paris, Maloine, 1897-1903, periodicidad mensual.
505 8 _aCarrete n. 1: 1897 a 1901 -- Carrete n. 2: 1902 y 1903
650 1 4 _aObras de 1800.
_915662
852 _aES-MaACL
_jMC-390-391
_95298
_cDEPO1
942 _2udc
_cMICROFORMA
999 _c5181
_d5181